00461nam a2200157Ia 4500003000900000008004100009020002200050040001600072080001700088100002300105245005100128260007200179300001200251650002000263650002000283IN-BaIIA211028s9999 xx 000 0 eng d a978-81-89220-24-2 cIIA Library a52(540)bBAL aBalachandra Rao, S 0aIndian astronomyba primercS. Balachandra Rao aBangalorebBhavan's Gandhi Centre of Science and Human Valuesc2008 av, 90p. aAstronomy-India aIndia-Astronomy